Studies on The Effect of Spacing and Corm size on Plant Growth Flowering and Corm Production in Gladiolus (Gladiolus Gandavensis) (Record no. 50250)

MARC details
000 -LEADER
fixed length control field 00490nam a22001577a 4500
003 - CONTROL NUMBER IDENTIFIER
control field OSt
008 - FIXED-LENGTH DATA ELEMENTS--GENERAL INFORMATION
fixed length control field 260429b |||||||| |||| 00| 0 eng d
082 ## - DEWEY DECIMAL CLASSIFICATION NUMBER
Classification number 635.93424
Item number A66S
100 ## - MAIN ENTRY--PERSONAL NAME
Personal name Anwar, Shiraz
245 ## - TITLE STATEMENT
Title Studies on The Effect of Spacing and Corm size on Plant Growth Flowering and Corm Production in Gladiolus (Gladiolus Gandavensis)
260 ## - PUBLICATION, DISTRIBUTION, ETC. (IMPRINT)
Place of publication, distribution, etc Pusa, Samastipur
Name of publisher, distributor, etc RAU
Date of publication, distribution, etc 2002
300 ## - PHYSICAL DESCRIPTION
Extent 74P.
502 ## - DISSERTATION NOTE
Degree type Msc.
Year degree granted 2002
650 ## - SUBJECT ADDED ENTRY--TOPICAL TERM
Topical term or geographic name as entry element Vegetable and Floriculture
942 ## - ADDED ENTRY ELEMENTS (KOHA)
Source of classification or shelving scheme
Koha item type Thesis
Holdings
Withdrawn status Lost status Source of classification or shelving scheme Damaged status Not for loan Home library Current library Date acquired Total Checkouts Full call number Barcode Date last seen Bill Date Koha item type
          Dr. Rajendra Prasad Central Agricultural University Pusa, Dr. Rajendra Prasad Central Agricultural University Pusa, 29/04/2026   635.93424 A66S 49414-UL 29/04/2026 29/04/2026 Thesis
Hosted, Implemented, Customized & Maintained by: BestBookBuddies

Powered by Koha